000 00517nam a2200181Ia 4500
999 _c32481
_d32481
003 OSt
005 20200803124557.0
008 190216s9999||||xx |||||||||||||| ||und||
020 _a9788181281432
040 _coclc
082 _a516.36
_bPRE/E
100 _aPressley, Andrew
_93918
245 0 _aElementary Differential Geometry /
_cAndrew Pressley
260 _bSpringer,
_c2014.
_aNew York:
300 _a332p
650 _aMathe Matics
942 _cBK
_2ddc
_h516.36
_iPRE/E
_k516.36
_mPRE/E